Statistiques concernant Mon top 15 des personnages de Star Wars

Cliquez ici pour prendre le quiz!

Statistiques générales

  • Ce quiz a été pris 430 fois
  • Le résultat moyen est 9 sur 15

Statistiques - réponses

ClassementRéponse% Correct
n°7Luke Skywalker
92%
n°9Leia Organa
89%
n°1Obiwan Kenobi
88%
n°3Dark Vador
86%
n°8Yoda
85%
n°4Han Solo
82%
n°5Rey
76%
n°15BB8/R2D2/C3PO
72%
n°10Finn
63%
n°11Kylo Ren
51%
n°13Qui Gon Jinn
51%
n°14Mace Windu
50%
n°6Jyn Erso
3%
n°12Baze Malbus
1%
n°2Chirrut Imwe
1%

Distribution des résultats

Percentile par nombre de réponses

% des personnes avec chaque résultat

Votre développement - résultats

Vous n’avez pas pris ce quiz